Potential contamination of shipboard air samples by diffusive emissions of PCBs and other organic pollutants : Implications and solutions /
Zapisane w:
| Kolejni autorzy: | , , , , , , , , , |
|---|---|
| Format: | Artykuł |
| Język: | English |
| Hasła przedmiotowe: | |
| Etykiety: |
Dodaj etykietę
Nie ma etykietki, Dołącz pierwszą etykiete!
|
| Thư viện lưu trữ: | Thư viện Trường Đại học Đà Lạt |
|---|
| LEADER | 01280nam a2200421 4500 | ||
|---|---|---|---|
| 001 | DLU090094823 | ||
| 005 | ##20091201 | ||
| 040 | # | # | |a DLU |b eng |
| 041 | # | # | |a eng |
| 044 | # | # | |a us |
| 245 | # | # | |a Potential contamination of shipboard air samples by diffusive emissions of PCBs and other organic pollutants : Implications and solutions / |c Rainer Lohmann ... [et al.]. |
| 653 | # | # | |a Antarctica |
| 653 | # | # | |a Contamination |
| 653 | # | # | |a Exhaust gas |
| 653 | # | # | |a Organic compounds |
| 653 | # | # | |a Persistent organic pollutant |
| 653 | # | # | |a Quality control |
| 653 | # | # | |a Ships |
| 700 | # | # | |a Barber, Jonathan L. |
| 700 | # | # | |a Booij, Kees |
| 700 | # | # | |a Bruhn, Regina. |
| 700 | # | # | |a Dachs, Jordi. |
| 700 | # | # | |a Durham, Louise. |
| 700 | # | # | |a Jaward, Foday M. |
| 700 | # | # | |a Jones, Kevin C. |
| 700 | # | # | |a Lakaschus, Soenke. |
| 700 | # | # | |a Lohmann, Rainer. |
| 700 | # | # | |a Ockenden, Wendy. |
| 773 | # | # | |t Environmental Science & Technology |g Vol. 38, no. 14 (July 2004), p. 3965-3970 |
| 920 | # | # | |a Phòng Tạp chí -- Trung tâm Thông tin - Thư viện Trường Đại học Đà Lạt |
| 994 | # | # | |a DLU |
| 900 | # | # | |a True |
| 911 | # | # | |a Trương Bảo Trâm Anh |
| 925 | # | # | |a G |
| 926 | # | # | |a A |
| 927 | # | # | |a BB |
| 980 | # | # | |a Thư viện Trường Đại học Đà Lạt |